000 00922nam a2200253Ia 4500
003 OSt
005 20221005104445.0
006 a|||||r|||| 00| 0
007 ta
008 221004b |||||||| |||| 00| 0 hin d
024 _a108898
037 _cTextual
040 _aCRL
_cCRL
_bhin
041 _2hin
_ahin
082 _aO152,1N091:g, N2
100 _aप्रकाश मनु, संपा.
245 0 _aदेवेन्द्र सत्यार्थी
_b तीन पीढ़ियों का सफर
246 _aDevendra satyārthī: tīn pīढ़iyoan kā safara
260 _aदिल्ली
_bमानक पब्लिकेशन भारत
_c1992
300 _a431पृ0
_ccm.
650 _aहिन्दी साहित्य
942 _hO152,1N091:g, N2
_cTEXL
_2cc
999 _c1012764
_d1012764